Etats des Etats-Unis : marions-les ! (mort subite) - Statistiques

Statistiques générales
  • Ce quiz a été pris 105 fois
  • Le résultat moyen est 8 sur 26
Answers on the Grid
Answers color-coded by a green-red scale on the quiz's grid according to % correct below.
Al Abama
Flo Ride
Virginie
Ari Zona
Minnesota
Dakota du Sud
Nevada
New Jersey
Caroline du Nord
Montana
Dakota du Nord
Mississipi
Wisconsin
Al Aska
Missouri
Caroline du Sud
Nebraska
Cali Fornie
New Hampshire
Michigan
Ida Ho
Pennsylvanie
G. Orgie
Massachusetts
A. Rkansas
Nouveau Mexique
O. Regon
New York
Washington
O. Klahoma
Kansas
Vermont
I. Llinois
Delaware
Ken Tucky
Iowa
Virginie Occidentale
T. Nessee
Connecticut
Tex As
Maine
U. Tah
Hawaï
Rod Island
O. Hio
Wyoming
Mary Land
Louis Iane
Indiana
Colorado
 
Statistiques - réponses
Réponse % Correct
Al Abama
75%
Flo Ride
62%
Ari Zona
59%
Virginie
38%
O. Regon
35%
Al Aska
33%
O. Hio
33%
O. Klahoma
33%
Ida Ho
32%
Tex As
32%
G. Orgie
29%
I. Llinois
28%
U. Tah
28%
A. Rkansas
27%
Dakota du Sud
27%
T. Nessee
27%
Cali Fornie
25%
Ken Tucky
25%
Mary Land
24%
Caroline du Nord
22%
Louis Iane
22%
Caroline du Sud
20%
Dakota du Nord
20%
Rod Island
16%
Virginie Occidentale
10%
Indiana
6%
Aucun quiz correspondant
Distribution des résultats
% des personnes avec chaque résultat
Percentile par nombre de réponses
Votre historique - résultats
Vous n’avez pas pris ce quiz